| 000 | 00337nam a2200133 a 4500 | ||
|---|---|---|---|
| 001 | 5524 | ||
| 003 | CDMR | ||
| 005 | 20130116135309.0 | ||
| 008 | 130130s1987||||||||||||||||||||||||||||d | ||
| 040 |
_aCDMR _bcat _cCDMR |
||
| 245 | 0 | _aResidencia 1926-1934 | |
| 260 |
_aMadrid _c1987 _bConsejo Superior de Investigaciones CientÃficas |
||
| 942 | _cMON | ||
| 999 |
_c5524 _d5524 |
||